Parole che bruciano /

में बचाया:
ग्रंथसूची विवरण
मुख्य लेखक: Mozetič, Brane (लेखक)
अन्य लेखक: Milič, Jolka, Pavani, Monica
स्वरूप: पुस्तक
भाषा:स्लोवेनियाई
इतालवी
प्रकाशित: Faenza : Mobydick, °2002!
श्रृंखला:Lenuvole ; 87
टैग: टैग जोड़ें
कोई टैग नहीं, इस रिकॉर्ड को टैग करने वाले पहले व्यक्ति बनें!

MARC

LEADER 00000nam a2200000 i 4500
001 IT\ICCU\RAV\0834873
003 ItRI
005 20260115231939.0
008 020508s2002 it |||||| ||||| |||||c
015 |2 IT  |a 2003-8350 
020 |a 8881782170 
040 |b ita  |c importazione bologna sebina 
041 7 |a slv  |a ita  |2 ISO-639-2 
100 1 |a Mozetič, Brane  |0 IT\ICCU\RAVV\275911  |4 aut 
245 1 0 |a Parole che bruciano /  |c Brane Mozetič ; a cura di Jolka Milič ; prefazione di Monica Pavani. 
246 1 1 |a Besede, ki žgejo  |9 IT\ICCU\RAV\0834885 
260 |a Faenza :  |b Mobydick,  |c °2002! 
300 |a 150 p. ;  |c 19 cm 
500 |a Scelta di poesie 
500 |a Trad. italiana a fronte. 
700 1 |a Milič, Jolka  |0 IT\ICCU\CFIV\132011 
700 1 |a Pavani, Monica  |0 IT\ICCU\FERV\056065 
790 1 |a Milić, Jolka  |3 IT\ICCU\SBNV\021595  |z Milič, Jolka 
790 1 |a Milich, Jolka  |3 IT\ICCU\SBNV\021594  |z Milič, Jolka 
830 0 |a Lenuvole ;  |v 87  |0 IT\ICCU\RAV\0187983 
942 |2 ddc  |c BK  |n 0 
952 |0 0  |1 0  |4 0  |6 DOC_891_841000000000000_MOZ  |7 0  |9 17517  |a BO  |b BO  |d 2026-01-15  |i 6527  |l 0  |o DOC 891.841 MOZ  |p BO6527  |r 2026-01-15 23:19:39  |w 2026-01-15  |x [Sebina 5] [1 v.]  |y BK  |z 1 v. 
952 |0 0  |1 0  |4 0  |6 DOC_891_841000000000000_MOZ  |7 0  |9 17518  |a BO  |b BO  |d 2026-01-15  |i 6781  |l 0  |o DOC 891.841 MOZ  |p BO6781  |r 2026-01-15 23:19:39  |w 2026-01-15  |x [Sebina 5] [1 v.]  |y BK  |z 1 v. 
999 |c 14940  |d 14940